00684nam a2200205Ia 4500003000900000008004100009020001400050040001600064080001600080100002500096245008700121260003500208300001600243650001400259650001900273650002600292942000700318999001700325952013600342IN-BaIIA211028s9999 xx 000 0 eng d a109876-54 cIIA Library a531.19bHUA aHuang, Kerson913971 0aStatistical mechanicscKerson Huang  aNew DelhibWiley Easternc1991 axiii, 470p. aMechanics aNASA Thesaurus aStatistical mechanics cBK c10640d10640 00104070aBANbBANcGENd1993-03-11g120.00l2m1o531.19/ HUAp11551r2023-11-13s2023-09-08v120.00w1993-03-11yBKGRs. 120.00